000 00609nam a2200229Ia 4500
001 2954
003 GE_BSU
008 181216s||||||||xx |||||||||||||| ||und||
040 _cGE_BSU
080 _a547.94
100 _aОрехов,А.П
245 _aХимия алкалоидов
245 _cОтв.Ред.В.М.Родионов
250 _aИздание: второе,исправленное и дополненное
260 _aМ
260 _bАкадемии наук СССР
260 _c1955
300 _a860стр.
300 _c26см
653 _aХимия
942 _cBK
999 _c37002
_d37002